Statistics for Top remittance recipient countries by share of GDP

Click here to take the quiz!

General Stats

  • This quiz has been taken 32 times
  • The average score is 9 of 21

Answer Stats

HintAnswer% Correct
10.0%Guatemala
76%
21.1%Haiti
76%
16.4%El Salvador
72%
17.0%Honduras
72%
15.0%Jamaica
69%
10.0%Nicaragua
66%
29.0%Nepal
62%
17.7%Lebanon
52%
21.0%Armenia
45%
31.1%Kyrgyzstan
45%
49.6%Tajikistan
45%
12.1%Georgia
41%
11.0%Guyana
41%
10.8%Jordan
38%
24.9%Moldova
38%
21.5%Lesotho
31%
10.6%Tuvalu
24%
12.3%Marshall Islands
21%
19.9%Samoa
17%
19.7%Liberia
14%
10.8%Bosnia and Herzegovina
0%

Score Distribution

Percentile by Number Answered

Percent of People with Each Score

Your Score History

You have not taken this quiz